Normal view
MARC view
- CHURCHILL, RUEL V , JAMES W.BROWN , ROGER F. VERHEY
Entry Personal Name
001 - CONTROL NUMBER
- control field: 5853
003 - CONTROL NUMBER IDENTIFIER
- control field: JO-AjAnu
005 - DATE AND TIME OF LATEST TRANSACTION
- control field: 20230606071242.0
008 - FIXED-LENGTH DATA ELEMENTS
- fixed length control field: 230606|| aca||aabn | a|a d
040 ## - CATALOGING SOURCE
- Original cataloging agency: JO-AjAnu
- Transcribing agency: JO-AjAnu
100 ## - HEADING--PERSONAL NAME
- Personal name: CHURCHILL, RUEL V , JAMES W.BROWN , ROGER F. VERHEY
670 ## - SOURCE DATA FOUND
- Source citation: Work cat.: (JO-AjAnu)3033: CHURCHILL, RUEL V , JAMES W.BROWN , ROGER F. VERHEY, author, Complex Variables and Applications